000 00231nam a2200097Ia 4500
008 190216s9999||||xx |||||||||||||| ||und||
100 _aGupta
245 0 _aBasic Statitics For Business Economics
260 _bS Chand & Co
942 _cBK
999 _c9295
_d9295